Nueva historia argentina : tomo 7: crisis económica, avance del estado e incertidumbre política (1930-1943) /
Guardado en:
| Autor Principal: | |
|---|---|
| Formato: | Libro |
| Publicado: |
Buenos Aires :
Sudamericana
|
| Series: | Nueva Historia Argentina
|
| Materias: | |
| Etiquetas: |
Agregar Etiqueta
Sin Etiquetas, Sea el primero en etiquetar este registro!
|
| LEADER | 01370nam a22002055a 4500 | ||
|---|---|---|---|
| 001 | CEM.cems010890 | ||
| 005 | 20080218154127.0 | ||
| 008 | 130507b######################000#0#####d | ||
| 003 | CEMS | ||
| 020 | |a 950071938X | ||
| 082 | 0 | 4 | |a Z982 |
| 100 | 1 | |a Suriano, Juan | |
| 245 | 1 | 0 | |a Nueva historia argentina : |b tomo 7: crisis económica, avance del estado e incertidumbre política (1930-1943) / |c Juan Suriano |
| 260 | |a Buenos Aires : |b Sudamericana | ||
| 300 | |a 477 p. | ||
| 490 | 0 | |a Nueva Historia Argentina | |
| 505 | 0 | |a La economía / Juan Carlos Korol -- Partidos, coaliciones y sistema de poder / Darío Macor -- La política bajo el signo de la crisis / Luciano de Privitellio -- País urbano o país rural: la modernización territorial y su crisis / Anahi Ballent y Adrián Gorelik -- La nueva identidad de los sectores populares / Ricardo González Leandri -- El movimiento obrero / Joel Horowitz -- Enfermedades, médicos y cultura higiénica / Diego Armus y Susana Belmartino -- Posiciones, transformaciones y debates en la literatura / María Teresa Gramuglio -- Entre la cultura y la política: los escritores de izquierda / Sylvia Saítta -- Descifrando pasados: debates y representaciones de la historia nacional / Alejandro Cattaruzza | |
| 653 | |a Historia | ||
| 653 | |a Historia argentina | ||
| 859 | |a CEMS |b BIB. CEMS - 11 de abril |h Z982 |i Su77 |p 21608.02 |t Ej.1 |v VII |3 VII | ||
